Пространственная изменчивость химического состава р. Лена; Проблемы геологии и освоения недр; Т. 1

Sonraí bibleagrafaíochta
Parent link:Проблемы геологии и освоения недр: труды XXII Международного симпозиума имени академика М. А. Усова студентов и молодых ученых, посвященного 155-летию со дня рождения академика В.А. Обручева, 135-летию со дня рождения академика М.А. Усова, основателей Сибирской горно-геологической школы, и 110-летию первого выпуска горных инженеров в Сибири, Томск, 2-7 апреля 2018 г./ Национальный исследовательский Томский политехнический университет, Инженерная школа природных ресурсов ; под ред. А. С. Боева.— , 2018
Т. 1.— 2018.— [С. 546-548]
Príomhchruthaitheoir: Берлизева А. Д.
Údar corparáideach: Национальный исследовательский Томский политехнический университет Инженерная школа природных ресурсов Отделение геологии
Rannpháirtithe: Гусева Н. В. Наталья Владимировна (научный руководитель)
Achoimre:Заглавие с экрана
Teanga:Rúisis
Foilsithe / Cruthaithe: 2018
Sraith:Гидрогеохимия и гидрогеоэкология Земли. Геоинформационные системы в гидрогеоэкологии
Ábhair:
Rochtain ar líne:http://earchive.tpu.ru/handle/11683/50655
Formáid: MixedMaterials Leictreonach Caibidil leabhair
KOHA link:https://koha.lib.tpu.ru/cgi-bin/koha/opac-detail.pl?biblionumber=627796

MARC

LEADER 00000naa2a2200000 4500
001 627796
005 20250428163133.0
035 |a (RuTPU)RU\TPU\conf\27797 
035 |a RU\TPU\conf\27796 
090 |a 627796 
100 |a 20180926d2018 k y0rusy50 ca 
101 0 |a rus 
102 |a RU 
105 |a y z 100zy 
135 |a drcn ---uucaa 
181 0 |a i  
182 0 |a b 
200 1 |a Пространственная изменчивость химического состава р. Лена  |f А. Д. Берлизева  |g науч. рук. Н. В. Гусева 
203 |a Текст  |c электронный 
225 1 |a Гидрогеохимия и гидрогеоэкология Земли. Геоинформационные системы в гидрогеоэкологии 
300 |a Заглавие с экрана 
320 |a [Библиогр.: с. 548 (3 назв.)] 
461 1 |0 (RuTPU)RU\TPU\conf\27247  |t Проблемы геологии и освоения недр  |o труды XXII Международного симпозиума имени академика М. А. Усова студентов и молодых ученых, посвященного 155-летию со дня рождения академика В.А. Обручева, 135-летию со дня рождения академика М.А. Усова, основателей Сибирской горно-геологической школы, и 110-летию первого выпуска горных инженеров в Сибири, Томск, 2-7 апреля 2018 г.  |o в 2 т.  |f Национальный исследовательский Томский политехнический университет, Инженерная школа природных ресурсов ; под ред. А. С. Боева  |d 2018 
463 1 |0 (RuTPU)RU\TPU\conf\27248  |t Т. 1  |v [С. 546-548]  |d 2018 
610 1 |a труды учёных ТПУ 
610 1 |a электронный ресурс 
610 1 |a пространственная изменчивость 
610 1 |a химический состав 
610 1 |a река Лена 
610 1 |a речные воды 
610 1 |a подземные воды 
610 1 |a поверхностные воды 
610 1 |a отбор проб 
700 1 |a Берлизева  |b А. Д. 
702 1 |a Гусева  |b Н. В.  |c гидрогеолог  |c профессор Томского политехнического университета, доктор геолого-минералогических наук  |f 1984-  |g Наталья Владимировна  |4 727  |9 12650 
712 0 2 |a Национальный исследовательский Томский политехнический университет  |b Инженерная школа природных ресурсов  |b Отделение геологии  |3 (RuTPU)RU\TPU\col\23542 
801 2 |a RU  |b 63413507  |c 20181003  |g RCR 
850 |a 63413507 
856 4 |u http://earchive.tpu.ru/handle/11683/50655 
942 |c BK